[Event "Eq:les modestes-Les Rois du Succes :"]
[Site "www.echecsemail.com"]
[Date "2026.01.31"]
[Round "1"]
[White "Rons"]
[Black "Fred"]
[WhiteElo "2590"]
[BlackElo "2780"]
[Result "0-1"]
1.e4 c5
2.Ng1f3 d6
3.d4 cxd4
4.Nf3xd4 Ng8f6
5.Nb1c3 a6
6.Bc1g5 Nb8d7
7.Bf1c4 Qd8b6
8.Bc4b3 e6
9.O-O Bf8e7
10.Kh1 Nd7c5
11.Qd1e2 h6
12.Bg5e3 Qb6c7
13.f4 O-O
14.Be3g1 b5
15.e5 dxe5
16.fxe5 Nf6h7
17.Nc3e4 Nc5xb3
18.axb3 Bc8b7
19.Ne4f2 Rf8d8
20.Nf2d3 Nh7f8
21.Qe2g4 Rd8d5
22.c3 f5
23.Qg4g3 Qc7d8
24.Bg1e3 Kh7
25.Ra1d1 Qd8e8
26.h4 a5
27.Rd1a1 b4
28.c4 Rd5d7
29.Nd3f4 Ra8d8
30.Nd4f3 Nf8g6
31.Nf4xe6 Be7xh4
32.Nf3xh4 Ng6xh4
33.Ne6xd8 Bb7xg2
34.Kh2 Bg2xf1
35.Ra1xf1 Qe8xd8
36.e6 Rd7d6
37.Be3f2 Nh4g6
38.Qg3f3 Qd8f6
39.Rf1e1 Ng6e5
40.Qf3f4 Rd6xe6
41.Kg1 g5
42.Qf4e3 Kg6
43.Re1d1 Ne5xc4
{ abandon }0-1

[Event "2801"]
[Site "www.echecsemail.com"]
[Date "2026.01.31"]
[Round "1"]
[White "4x4"]
[Black "Turbo"]
[WhiteElo "1490"]
[BlackElo "1360"]
[Result "0-1"]
1.e4 e5
2.f4 exf4
3.Ng1f3 Bf8c5
4.d3 g5
5.Nb1c3 g4
6.Nf3d2 Qd8h4
7.g3 fxg3
8.Bf1g2 gxh2
9.Kf1 Qh4f2
0-1

[Event "Tournoi n27425"]
[Site "www.echecsemail.com"]
[Date "2026.01.31"]
[Round "1"]
[White "Mokanne"]
[Black "Malaouat"]
[WhiteElo "1460"]
[BlackElo "1370"]
[Result "1-0"]
1.e4 e5
2.Bf1c4 Bf8c5
3.Ng1f3 Nb8c6
4.d3 Ng8f6
5.Bc1g5 h6
6.Bg5h4 Nc6d4
7.Nf3xe5 d6
8.Ne5xf7 { abandon }1-0

[Event "Tournoi n27426"]
[Site "www.echecsemail.com"]
[Date "2026.01.31"]
[Round "1"]
[White "Verson"]
[Black "Geantvert"]
[WhiteElo "1830"]
[BlackElo "1860"]
[Result "0-1"]
1.d4 f5
2.e3 Ng8f6
3.Bf1d3 g6
4.Ng1f3 Bf8g7
5.Nb1d2 O-O
6.O-O b6
7.e4 fxe4
8.Nd2xe4 Bc8b7
9.Rf1e1 e6
10.Bc1g5 Nb8c6
11.c3 Nc6e7
12.Qd1d2 Nf6xe4
13.Bd3xe4 Bb7xe4
14.Re1xe4 Bg7f6
15.Bg5h6 Rf8e8
16.Bh6g5 Ne7d5
17.c4 Bf6xg5
18.Nf3xg5 Nd5f6
19.Ra1e1 Nf6xe4
20.Re1xe4 Re8e7
21.b3 Re7g7
22.d5 Qd8f6
23.dxe6 dxe6
24.Re4xe6 Rg7d7
25.Qd2c1 Qf6xg5
26.Qc1e1 Qg5d2
27.Qe1e5 Qd2d1
28.Qe5e1 Qd1xe1
29.Re6xe1 Ra8d8
30.g3 Rd7d1
{ abandon }0-1

[Event "Défi"]
[Site "www.echecsemail.com"]
[Date "2026.01.31"]
[Round "1"]
[White "Prince"]
[Black "Jipepe"]
[WhiteElo "1880"]
[BlackElo "1430"]
[Result "0-1"]
1.e4 e5
2.Ng1f3 Nb8c6
3.c3 Ng8f6
4.d3 Bf8e7
5.Bf1e2 O-O
6.Nb1d2 d5
7.exd5 Nf6xd5
8.Nd2e4 Bc8f5
9.O-O Nd5f6
10.Ne4xf6 Be7xf6
11.Qd1c2 Rf8e8
12.Bc1e3 e4
13.dxe4 Bf5xe4
14.Qc2c1 Nc6e5
15.Nf3xe5 Bf6xe5
16.Rf1d1 Qd8f6
17.f3 Be4c6
18.Rd1e1 b6
19.f4 Be5d6
20.Be3d4 Qf6g6
21.g3 Qg6e4
22.Be2f1 Qe4h1
23.Kf2 Qh1xh2
{ abandon }0-1

[Event "Schlacht2"]
[Site "www.echecsemail.com"]
[Date "2026.01.31"]
[Round "1"]
[White "Luc20"]
[Black "4x4"]
[WhiteElo "1840"]
[BlackElo "1440"]
[Result "1-0"]
1.b4 d5
2.b5 e5
3.Bc1b2 Bf8d6
4.d3 Bc8e6
5.Nb1d2 Ng8f6
6.e3 Nb8d7
7.Ng1e2 b6
8.g3 Nd7c5
9.a4 Qd8d7
10.Ne2g1 Nc5b7
11.Bf1g2 O-O-O
12.Ng1e2 c5
13.bxc6 Qd7xc6
14.Nd2c4 Nb7a5
15.Nc4xd6 Qc6xd6
16.O-O Kb7
17.Ne2c3 Kb8
18.Nc3b5 Qd6b4
19.Bb2c3 Qb4e7
20.Bc3xe5 Kb7
21.Nb5d4 Rh8g8
22.c4 Kc8
23.cxd5 Nf6xd5
24.Qd1c2 Kd7
25.Nd4xe6 fxe6
26.Bg2xd5 exd5
27.Qc2c7 Ke8
28.Qc7xe7 Kxe7
29.Rf1c1 Na5b3
30.Rc1c7 Rd8d7
31.Ra1a3 Nb3c5
32.Rc7xd7 Nc5xd7
33.d4 Nd7xe5
34.dxe5 Ke6
35.f4 Kf5
36.Ra3c3 g6
37.h3 Ke4
38.Kf2 Rg8d8
39.Ke2 d4
40.Rc3d3 Rd8c8
41.Rd3xd4 Kf5
42.Kf3 Rc8c3
43.g4 Ke6
44.Rd4d6 Kf7
45.Rd6d7 Kg8
46.Rd7xa7 Rc3c4
47.e6 Rc4c8
48.h4 h6
49.f5 gxf5
50.gxf5 Rc8f8
51.Kf4 h5
52.e4 Rf8d8
53.Ra7d7 Rd8c8
54.f6 Kf8
55.Kf5 Rc8c5
56.e5 Rc5c4
57.e7 Ke8
58.Rd7d8 Kf7
59.e8Q 1-0

[Event "Coupe Niveau 7"]
[Site "www.echecsemail.com"]
[Date "2026.01.31"]
[Round "1"]
[White "Bowandarrow"]
[Black "Breitenbach"]
[WhiteElo "2730"]
[BlackElo "2250"]
[Result "1-0"]
1.e4 c6
2.d4 d5
3.e5 Bc8f5
4.Nb1c3 h5
5.Bf1d3 Bf5xd3
6.Qd1xd3 e6
7.Ng1f3 Nb8d7
8.Nc3e2 c5
9.O-O c4
10.Qd3d1 b5
11.b3 Bf8e7
12.a4 a6
13.h4 Ng8h6
14.axb5 axb5
15.Bc1xh6 Rh8xh6
16.Ne2f4 Rh6h8
17.bxc4 bxc4
18.Nf4h3 g6
19.Nf3g5 Be7xg5
20.Nh3xg5 Ra8xa1
21.Qd1xa1 Kf8
22.Rf1b1 { abandon }1-0

[Event "Tournoi n27432"]
[Site "www.echecsemail.com"]
[Date "2026.01.31"]
[Round "1"]
[White "Verson"]
[Black "Geantvert"]
[WhiteElo "1820"]
[BlackElo "1860"]
[Result "0-1"]
1.d4 f5
2.Ng1f3 Ng8f6
3.e3 g6
4.Bf1d3 b6
5.Nb1d2 Bc8b7
6.O-O Bf8g7
7.c3 d6
8.Qd1e2 Nb8d7
9.e4 fxe4
10.Nd2xe4 O-O
11.Bc1g5 Qd8e8
12.Qe2e3 e5
13.dxe5 Nd7xe5
14.Rf1e1 Nf6xe4
15.Bd3xe4 Bb7xe4
16.Nf3xe5 Qe8xe5
17.Qe3xe4 Qe5xg5
18.Qe4c4 Rf8f7
19.Re1e2 Qg5f5
20.Ra1e1 Bg7e5
21.Re2e3 Qf5xf2
22.Kh1 Qf2f4
23.Qc4xf4 Rf7xf4
24.g3 Rf4f2
25.Re1e2 Ra8f8
{ abandon }0-1

[Event "Défi"]
[Site "www.echecsemail.com"]
[Date "2026.01.31"]
[Round "1"]
[White "Arzbro"]
[Black "Castor"]
[WhiteElo "1520"]
[BlackElo "1360"]
[Result "0-1"]
1.d4 Ng8f6
2.Ng1f3 d5
3.h3 Bc8f5
4.Bc1f4 Nb8c6
5.a3 e6
6.e3 Nf6h5
7.Bf4g5 f6
8.Bg5h4 g5
9.Bh4g3 Nh5xg3
10.fxg3 Qd8d6
11.g4 Bf5e4
12.Nb1c3 Be4g6
13.Qd1d2 O-O-O
14.O-O-O Bf8g7
15.Bf1b5 a6
16.Bb5xc6 Qd6xc6
17.h4 e5
18.dxe5 fxe5
19.Nf3xg5 h6
20.Ng5f3 Rd8d6
21.h5 Bg6h7
22.Nc3xd5 Rd6xd5
23.Qd2c3 Qc6d7
24.Rd1xd5 Qd7xd5
25.Qc3b4 Qd5a2
26.Qb4c3 Qa2a1
27.Kd2 Qa1xh1
{ abandon }0-1

[Event "Défi"]
[Site "www.echecsemail.com"]
[Date "2026.01.31"]
[Round "1"]
[White "Chomi64"]
[Black "Verson"]
[WhiteElo "1810"]
[BlackElo "1810"]
[Result "1/2-1/2"]
1.d4 d5
2.Ng1f3 Ng8f6
3.Nb1d2 e6
4.e3 Bf8d6
5.Bf1d3 Nb8d7
6.e4 dxe4
7.Nd2xe4 Nf6xe4
8.Bd3xe4 Nd7f6
9.Be4d3 O-O
10.Bc1g5 h6
11.Bg5h4 Bd6e7
12.O-O b6
13.c3 Bc8b7
14.Rf1e1 Ra8c8
15.Bd3c2 c5
16.Qd1d3 c4
17.Qd3d2 Bb7xf3
18.gxf3 Nf6d5
19.Bh4xe7 Qd8xe7
20.Qd2e2 Qe7g5
21.Kh1 Nd5f4
22.Qe2f1 Rf8d8
23.Re1e5 f5
24.Qf1g1 Qg5h5
25.Qg1g3 Qh5g5
26.Ra1e1 Rd8d6
27.Re1g1 Qg5xg3
28.hxg3 Nf4g6
29.Re5e2 Rc8e8
30.Bc2xf5 Ng6f8
31.Rg1e1 g6
32.Bf5h3 Kf7
33.b3 b5
34.bxc4 bxc4
35.Re2b2 g5
36.Rb2b7 Re8e7
37.Rb7xe7 Kxe7
38.Re1e5 Rd6a6
39.Re5c5 Ra6xa2
40.Rc5xc4 Nf8d7
41.Kg2 Kd6
42.Rc4c8 Nd7f6
43.Rc8c5 a5
44.Rc5e5 Nf6d5
45.Re5xe6 Kc7
46.c4 Nd5b4
47.Bh3f5 a4
48.Re6xh6 Ra2d2
49.Rh6h7 Kb6
50.d5 a3
51.Rh7h1 a2
52.d6 Rd2xd6
53.f4 gxf4
54.g4 Kc5
55.Rh1c1 Rd6a6
56.Rc1a1 Kxc4
57.g5 Nb4c6
58.g6 Nc6e7
59.g7 Ra6a8
60.Bf5e6 Kc3
61.Ra1xa2 Ra8d8
62.Ra2a3 Kd4
63.Ra3a5 Ke4
64.f3 Ke3
65.Ra5g5 Ne7g8
66.Be6g4 Ng8f6
67.Bg4e6 Rd8d2
68.Kh3 Kxf3
69.g8Q Nf6xg8
70.Rg5xg8 Kf2
71.Rg8g2 { nul }1/2-1/2

[Event "Coupe Niveau 4"]
[Site "www.echecsemail.com"]
[Date "2026.01.31"]
[Round "1"]
[White "Nicodemouscron"]
[Black "Elghribi"]
[WhiteElo "2130"]
[BlackElo "1920"]
[Result "1-0"]
1.e4 d6
2.d4 Ng8f6
3.Nb1c3 g6
4.f4 Bf8g7
5.Ng1f3 O-O
6.Bf1d3 Nb8c6
7.e5 dxe5
8.dxe5 Nf6d5
9.Nc3e4 Nd5b4
10.O-O Bc8g4
11.Bc1e3 Nb4xd3
12.cxd3 Nc6d4
13.Be3xd4 Bg4xf3
14.Qd1a4 Bf3e2
15.Rf1c1 Be2xd3
16.Ne4c5 b5
17.Qa4b4 a5
18.Qb4c3 Bd3c4
19.a4 c6
20.axb5 cxb5
21.Nc5b7 Qd8d5
22.Nb7xa5 Rf8c8
23.Qc3e3 e6
24.b3 Qd5d8
25.Bd4b6 Qd8d3
26.bxc4 Qd3xe3
27.Bb6xe3 bxc4
28.Na5b7 Ra8xa1
29.Rc1xa1 Bg7f8
30.Ra1c1 Bf8b4
31.Kf2 c3
32.Rc1c2 Bb4a3
33.Nb7a5 Ba3b2
34.Na5b3 Kg7
35.Ke2 { abandon }1-0

[Event "Tournoi n27203"]
[Site "www.echecsemail.com"]
[Date "2026.01.31"]
[Round "1"]
[White "Jmarcboury"]
[Black "Ponaparte"]
[WhiteElo "2130"]
[BlackElo "2140"]
[Result "1/2-1/2"]
1.d4 Ng8f6
2.c4 c5
3.d5 b5
4.cxb5 a6
5.Nb1c3 axb5
6.Nc3xb5 Qd8a5
7.Nb5c3 Nf6e4
8.Qd1c2 f5
9.f3 Ne4xc3
10.Bc1d2 Qa5a4
11.Qc2xc3 Qa4h4
12.g3 Qh4d4
13.Qc3xd4 cxd4
14.e3 dxe3
15.Bd2xe3 Bc8b7
16.Bf1c4 Nb8a6
17.Ng1e2 Na6b4
18.Ra1d1 Nb4c2
19.Kf2 Nc2xe3
20.Kxe3 g6
21.Ne2d4 Bf8g7
22.b4 O-O
23.Bc4b3 Rf8c8
24.Rd1c1 Kf8
25.Kd3 Ke8
26.h4 Bg7e5
27.f4 Be5d6
28.Rc1xc8 Ra8xc8
29.a3 Rc8a8
30.Nd4b5 Bb7a6
31.a4 Ba6xb5
32.axb5 Bd6xb4
33.h5 Kf7
34.hxg6 Kxg6
35.Kc4 Bb4d6
36.b6 Ra8b8
37.Bb3a4 Rb8xb6
38.Ba4xd7 Rb6b8
39.Rh1e1 Rb8f8
40.Re1g1 Kf6
41.Kd3 Rf8g8
42.Ke2 Bd6xf4
43.Rg1f1 Bf4xg3
44.Rf1xf5 Kg6
45.Rf5f3 Bg3d6
46.Bd7e6 Rg8g7
47.Rf3f1 h5
48.Rf1g1 Kh6
49.Rg1xg7 Kxg7
50.Kf3 Kf6
51.Kg2 Kg5
{ nul }1/2-1/2

[Event "Défi"]
[Site "www.echecsemail.com"]
[Date "2026.01.31"]
[Round "1"]
[White "Verson"]
[Black "Jerem51"]
[WhiteElo "1810"]
[BlackElo "1799"]
[Result "0-1"]
1.d4 Ng8f6
2.Ng1f3 d5
3.e3 e6
4.Bf1d3 c5
5.c3 b6
6.O-O Bc8b7
7.Nb1d2 Bf8e7
8.Rf1e1 O-O
9.e4 dxe4
10.Nd2xe4 Nf6xe4
11.Bd3xe4 Bb7xe4
12.Re1xe4 Nb8c6
13.Bc1f4 Qd8d5
14.Qd1c2 f5
15.Re4e2 cxd4
16.Ra1d1 Be7f6
17.cxd4 Nc6xd4
18.Nf3xd4 Bf6xd4
19.Bf4e5 Rf8c8
20.Qc2b1 Qd5c4
21.Rd1e1 Bd4xe5
22.Re2xe5 Rc8e8
23.b3 Qc4c6
24.Qb1d3 Kf7
25.Qd3h3 Kg8
26.Qh3e3 Ra8d8
27.h3 g6
28.Re5xe6 Qc6xe6
29.Qe3xe6 Re8xe6
30.Re1xe6 Rd8d2
31.a4 Kf8
32.Re6e3 Rd2d1
33.Kh2 Rd1d2
34.f3 Rd2c2
35.Re3d3 Ke8
36.b4 Rc2a2
37.a5 bxa5
38.bxa5 Ra2xa5
39.Rd3b3 Kf8
40.Rb3b7 h6
41.Rb7h7 Ra5a4
42.Kg3 Kg8
43.Rh7b7 Ra4a2
44.h4 Ra2a4
45.Kh3 Ra4a3
46.Kg3 Ra3a4
47.Kh3 Kf8
48.Kg3 Kg8
49.Kh3 h5
50.Kg3 f4
51.Kf2 Ra4a2
52.Kg1 a5
53.Rb7a7 a4
54.Kf1 a3
55.Kg1 Kf8
56.Kh2 Ra2a1
57.g3 fxg3
58.Kxg3 a2
59.Kf4 Ke8
60.Ra7a3 Kd7
61.Ra3d3 Ke6
62.Rd3a3 Kd5
{ abandon }0-1

[Event "Défi( 10J+24H/c 10J Max )"]
[Site "www.echecsemail.com"]
[Date "2026.01.31"]
[Round "1"]
[White "Baloo"]
[Black "Katastrofic"]
[WhiteElo "1490"]
[BlackElo "1370"]
[Result "1-0"]
1.e4 e5
2.d3 d6
3.Nb1c3 Bf8e7
4.g3 Ng8f6
5.Bf1g2 O-O
6.Ng1f3 a6
7.O-O b5
8.b3 Bc8d7
9.d4 Nb8c6
10.d5 Nc6b8
11.Nc3e2 Bd7g4
12.Nf3d2 c5
13.c4 b4
14.Nd2f3 Bg4xf3
15.Bg2xf3 a5
16.Kg2 h6
17.Bc1b2 Qd8d7
18.Ne2c1 a4
19.Bf3g4 axb3
20.Bg4xd7 Nb8xd7
21.Nc1xb3 Nf6xe4
22.Qd1g4 { abandon }1-0

[Event "2601"]
[Site "www.echecsemail.com"]
[Date "2026.01.31"]
[Round "1"]
[White "Turbo"]
[Black "4x4"]
[WhiteElo "1360"]
[BlackElo "1470"]
[Result "1-0"]
1.e4 e5
2.Ng1f3 d6
3.Bf1c4 Bc8e6
4.Bc4xe6 fxe6
5.O-O Ng8f6
6.Nb1c3 Nb8c6
7.d3 Nc6d4
8.Nf3xd4 exd4
9.Nc3e2 e5
10.Ne2g3 c5
11.a3 Qd8c7
12.Bc1g5 Bf8e7
13.b4 O-O-O
14.b5 b6
15.a4 h6
16.Bg5xf6 gxf6
17.Ng3f5 Rh8g8
18.Qd1h5 Rg8g5
19.Qh5xh6 Rd8g8
20.Nf5g3 Rg5g6
21.Qh6d2 Qc7d7
22.a5 Be7d8
23.c4 f5
24.exf5 Rg6g5
25.axb6 Bd8xb6
26.Qd2d1 Bb6d8
27.Ra1a6 Rg5g4
28.Qd1a1 Kb8
29.b6 Bd8xb6
30.Rf1b1 e4
31.dxe4 Qd7g7
32.Rb1xb6 axb6
33.Ra6xb6 Kc8
34.Qa1a6 Kd8
35.Rb6xd6 Ke8
36.Rd6e6 Kf8
37.f6 Qg7f7
38.Qa6a8 Qf7e8
39.Qa8xe8 1-0

[Event "2601"]
[Site "www.echecsemail.com"]
[Date "2026.01.31"]
[Round "1"]
[White "4x4"]
[Black "Turbo"]
[WhiteElo "1470"]
[BlackElo "1360"]
[Result "0-1"]
1.Nb1c3 e5
2.e4 Ng8f6
3.d3 Bf8c5
4.Bc1e3 Bc5xe3
5.fxe3 O-O
6.Qd1d2 Nf6g4
7.O-O-O h5
8.h3 Ng4f6
9.Ng1f3 d6
10.g3 Nf6h7
11.Bf1g2 f5
12.Nf3e1 f4
13.gxf4 exf4
14.exf4 c5
15.Nc3d5 Bc8e6
16.c4 Nb8c6
17.f5 Be6d7
18.Ne1f3 b6
19.Nf3h4 Qd8xh4
20.a3 Nc6d4
21.b4 Nh7g5
22.Kb2 Ng5h7
23.b5 Qh4d8
24.Rh1f1 Bd7c8
25.Rf1f4 a5
26.Bg2f3 Bc8b7
27.Bf3xh5 Qd8g5
28.Bh5g4 Bb7xd5
29.exd5 a4
30.Qd2e3 Ra8e8
31.Qe3g3 Nd4xf5
32.Qg3f2 Nf5e3
33.Rd1e1 Rf8xf4
34.Qf2e2 Ne3xc4
35.dxc4 Re8xe2
36.Re1xe2 g6
37.Re2e8 Nh7f8
38.Re8b8 Rf4xc4
39.Rb8xb6 Qg5d2
40.Kb1 Rc4c1
0-1

[Event "Défi( 10J+24H/c 10J Max )"]
[Site "www.echecsemail.com"]
[Date "2026.01.31"]
[Round "1"]
[White "Vvvv"]
[Black "Pierre1"]
[WhiteElo "1720"]
[BlackElo "1780"]
[Result "1-0"]
1.e4 e5
2.Ng1f3 f5
3.Nf3xe5 Qd8f6
4.d4 d6
5.Ne5f3 fxe4
6.Nf3g1 Qf6f7
7.Nb1c3 d5
8.b3 Ng8f6
9.h3 Bc8d7
10.Ng1e2 Bf8d6
11.Bc1f4 O-O
12.Kd2 Nf6e8
13.Bf4e3 c5
14.Kc1 b6
15.dxc5 bxc5
16.Nc3xd5 Bd7c6
17.Ne2c3 Ne8f6
18.Bf1c4 Bc6xd5
19.Nc3xd5 Bd6e5
20.Nd5xf6 Kh8
21.Bc4xf7 Be5xa1
22.Nf6xh7 Nb8c6
23.Nh7xf8 { abandon }1-0

[Event "1801"]
[Site "www.echecsemail.com"]
[Date "2026.01.31"]
[Round "1"]
[White "Katastrofic"]
[Black "Qsdmlk"]
[WhiteElo "1370"]
[BlackElo "1550"]
[Result "1-0"]
1.e4 Ng8f6
2.d3 e6
3.h3 Bf8b4
4.Bc1d2 Bb4c5
5.Ng1f3 O-O
6.e5 Nf6d5
7.c4 Nd5b4
8.Bd2xb4 Bc5xb4
9.Nb1d2 Nb8c6
10.a3 Bb4a5
11.b4 Rf8e8
12.bxa5 Nc6xa5
13.Bf1e2 b6
14.Nd2b3 Bc8b7
15.Nb3xa5 bxa5
16.O-O d6
17.Ra1b1 dxe5
18.Nf3xe5 Qd8d4
19.Ne5f3 Qd4c3
20.Rb1xb7 Qc3xa3
21.Nf3e5 Qa3d6
22.d4 c5
23.Be2f3 Ra8d8
24.Ne5xf7 Qd6c6
25.Bf3xc6 Rd8xd4
26.Qd1h5 Re8c8
27.Rb7d7 g6
28.Nf7h6 Kh8
29.Nh6f7 Kg8
30.Nf7h6 Kh8
31.Qh5e5 1-0

[Event "Coupe Niveau 1"]
[Site "www.echecsemail.com"]
[Date "2026.01.31"]
[Round "1"]
[White "Katastrofic"]
[Black "4x4"]
[WhiteElo "1440"]
[BlackElo "1480"]
[Result "1-0"]
1.e4 e5
2.Bf1c4 d6
3.h3 Bc8e6
4.Bc4xe6 fxe6
5.Ng1f3 Nb8d7
6.O-O Nd7f6
7.d3 c5
8.c4 Ng8e7
9.Nf3g5 Ne7g6
10.Ng5xe6 Qd8e7
11.Qd1a4 Kf7
12.Ne6xf8 Rh8xf8
13.Bc1g5 b6
14.Bg5xf6 Kxf6
15.Nb1d2 Ng6f4
16.Qa4c2 g5
17.f3 Qe7e6
18.Kh2 h5
19.g4 h4
20.a3 Rf8h8
21.b4 Qe6c8
22.b5 a5
23.a4 Kg6
24.Rf1f2 Rh8f8
25.Ra1a2 Nf4e6
26.Nd2b3 Ne6d4
27.Nb3xd4 exd4
28.Qc2c1 Qc8e6
29.Qc1f1 Qe6e5
30.Kg1 Qe5g3
31.Qf1g2 Qg3xg2
32.Kxg2 Rf8f4
33.Ra2e2 Ra8e8
34.Kh2 Kf6
35.Kg2 Ke5
36.Kh2 Re8f8
37.Kg2 Ke6
38.Re2d2 Kd7
39.Rd2e2 Rf8e8
40.Kh2 Re8e5
41.Kg2 d5
42.exd5 Re5xe2
43.Rf2xe2 Rf4f7
44.Kf2 Rf7f8
45.Re2e6 Kc7
46.Re6g6 Rf8e8
47.Rg6e6 Re8xe6
48.f4 gxf4
49.dxe6 Kd6
50.Kf3 Kxe6
51.Kxf4 Kf6
52.g5 Kg6
53.Kg4 Kg7
54.Kxh4 Kh7
55.Kg4 Kg6
56.h4 Kg7
57.h5 Kf7
58.Kf5 Ke7
59.Ke5 Kd7
60.Kf6 Kd6
61.h6 Kd7
62.h7 Kd6
63.h8Q Kd7
64.g6 Kd6
65.g7 Kd7
66.g8R Kd6
67.Qh8h2 Kd7
68.Rg8g7 Kc8
69.Qh2h8 1-0

[Event "Défi( 10J+24H/c 10J Max )"]
[Site "www.echecsemail.com"]
[Date "2026.01.31"]
[Round "1"]
[White "Katastrofic"]
[Black "Samjf"]
[WhiteElo "1380"]
[BlackElo "1300"]
[Result "1-0"]
1.e4 d6
2.Bf1c4 e6
3.Ng1f3 g6
4.O-O Ng8f6
5.d3 Nb8c6
6.a3 Nc6a5
7.Bc4a2 Bf8g7
8.Bc1d2 O-O
9.Bd2xa5 b6
10.Ba5c3 e5
11.b4 Bc8d7
12.Rf1e1 Qd8c8
13.Bc3d2 Nf6h5
14.Nf3g5 Qc8d8
15.c4 Bg7f6
16.Ng5f3 Nh5f4
17.Nb1c3 Ra8b8
18.Nc3d5 c6
19.Nd5xf4 g5
20.Nf4h5 g4
21.Nh5xf6 Qd8xf6
22.Bd2g5 Qf6g6
23.Bg5e7 Rf8e8
24.Nf3h4 Qg6e6
25.Nh4f5 Qe6g6
26.Be7xd6 Rb8a8
27.Nf5e7 Re8xe7
28.Bd6xe7 Ra8e8
29.Be7h4 c5
30.b5 Bd7c8
31.Re1e3 a6
32.Re3g3 Qg6h5
33.Bh4f6 Re8e6
34.Rg3xg4 Kf8
35.Rg4g8 Kxg8
36.Qd1xh5 Re6xf6
37.Qh5g5 Rf6g6
38.Qg5d8 Kg7
39.Qd8xc8 axb5
40.cxb5 Rg6d6
41.Ba2c4 Rd6f6
42.Qc8c7 Kg6
43.Qc7xe5 h5
44.f4 h4
45.Qe5g5 Kh7
46.Qg5xf6 h3
47.Qf6h4 Kg6
48.f5 Kg7
49.Qh4e7 hxg2
50.Qe7xf7 Kh6
51.Qf7g8 Kh5
52.Ra1e1 Kh4
53.Re1e3 Kh5
54.Re3h3 1-0

[Event "Transval 3"]
[Site "www.echecsemail.com"]
[Date "2026.01.31"]
[Round "1"]
[White "Petitlulu64"]
[Black "Abelito"]
[WhiteElo "1690"]
[BlackElo "1560"]
[Result "1-0"]
1.d4 d5
2.Ng1f3 f6
3.Nb1c3 e6
4.Bc1d2 Nb8c6
5.e3 f5
6.Bf1b5 a6
7.Bb5a4 b5
8.Ba4b3 b4
9.Nc3a4 a5
10.O-O Bc8a6
11.Rf1e1 Ng8f6
12.Na4c5 Ba6b5
13.Nc5xe6 Qd8d6
14.Ne6f4 Nf6e4
15.a3 bxa3
16.bxa3 a4
17.Bb3xd5 Bf8e7
18.Bd2b4 Qd6d7
19.Nf3e5 Be7d6
20.c4 Bd6xb4
21.cxb5 Qd7d6
22.Bd5xc6 Ke7
23.Nf4d5 Kf8
24.Ne5d7 Kf7
25.Nd7e5 Ke6
26.Nd5xb4 Ne4c3
27.Qd1h5 Ra8f8
28.f4 Nc3e4
29.d5 Ke7
30.Qh5h4 Rf8f6
31.Ra1c1 g5
32.Qh4h5 h6
33.Ne5d7 gxf4
34.Nd7xf6 Ne4xf6
35.exf4 Nf6e4
36.Qh5xf5 Kd8
37.Re1xe4 Rh8f8
38.Qf5e6 { abandon }1-0

[Event "Défi( 10J+24H/c 10J Max )"]
[Site "www.echecsemail.com"]
[Date "2026.01.31"]
[Round "1"]
[White "Jeff75019"]
[Black "Patau"]
[WhiteElo "1450"]
[BlackElo "1690"]
[Result "1/2-1/2"]
1.e4 e5
2.Ng1f3 f5
3.exf5 e4
4.Nf3e5 Ng8f6
5.d4 exd3
6.Qd1xd3 d5
7.Bc1g5 Bf8e7
8.Nb1c3 O-O
9.O-O-O c6
10.Qd3g3 Bc8xf5
11.Bg5h6 Nf6h5
12.Qg3e3 gxh6
13.Qe3xh6 Be7g5
14.Qh6xg5 Qd8xg5
15.Kb1 Bf5xc2
16.Ka1 Bc2xd1
{ nul }1/2-1/2

[Event "Tournoi n27433"]
[Site "www.echecsemail.com"]
[Date "2026.01.31"]
[Round "1"]
[White "Patau"]
[Black "Carpediem50"]
[WhiteElo "1660"]
[BlackElo "1410"]
[Result "1-0"]
1.e4 e5
2.Ng1f3 Bf8d6
3.Bf1c4 Ng8h6
4.d4 Nb8c6
5.O-O O-O
6.Bc1xh6 gxh6
7.Qd1d2 a5
8.Qd2xh6 Kh8
9.Nf3g5 { abandon }1-0

[Event "Tournoi n27422"]
[Site "www.echecsemail.com"]
[Date "2026.01.31"]
[Round "1"]
[White "Albescab"]
[Black "Wenoketo"]
[WhiteElo "1600"]
[BlackElo "1700"]
[Result "0-1"]
1.e4 c6
2.Bf1c4 Ng8f6
3.d3 d5
4.Bc4b3 dxe4
5.d4 e6
6.Nb1c3 Bf8b4
7.Ng1e2 O-O
8.O-O Nb8d7
9.Bc1d2 Bb4xc3
10.Bd2xc3 Nd7b6
11.Bc3d2 Nb6d5
12.Bd2g5 h6
13.Bg5h4 g5
14.Bh4g3 Nf6h5
15.Bg3e5 f6
16.Be5g3 Nh5xg3
17.Ne2xg3 Qd8e8
18.Ng3xe4 Qe8g6
19.Ne4d6 h5
20.Qd1e1 Kh7
21.c3 Ra8b8
22.Nd6xc8 Rb8xc8
23.Qe1xe6 Rc8e8
24.Qe6d7 Re8e7
25.Qd7h3 Nd5f4
26.Qh3f3 Kg7
27.Ra1e1 Re7xe1
28.Rf1xe1 Rf8e8
29.Re1xe8 Qg6xe8
30.Bb3c2 Qe8e1
0-1

[Event "Eq:Avalon-LES CHATTERBOX :"]
[Site "www.echecsemail.com"]
[Date "2026.01.31"]
[Round "1"]
[White "Hberlioz"]
[Black "Mindthegap"]
[WhiteElo "1670"]
[BlackElo "1430"]
[Result "1-0"]
1.e4 e5
2.Nb1c3 Ng8f6
3.Bf1c4 Bf8c5
4.Ng1f3 Nf6g4
5.O-O d6
6.d3 O-O
7.Qd1e2 c6
8.h3 Ng4f6
9.Bc1g5 h6
10.Bg5xh6 gxh6
11.Qe2d2 Kh7
12.g4 Bc8e6
13.Bc4xe6 fxe6
14.Kh2 Nf6xg4
15.hxg4 Rf8xf3
16.g5 Bc5e3
17.fxe3 Qd8xg5
18.Rf1xf3 Nb8a6
19.Ra1g1 Qg5h5
20.Rf3h3 Qh5e8
21.Qd2g2 Na6c5
22.Qg2g7 1-0

[Event "CC Jan26 Asc(2/2)"]
[Site "www.echecsemail.com"]
[Date "2026.01.31"]
[Round "1"]
[White "Pgo"]
[Black "Nbelnico"]
[WhiteElo "1740"]
[BlackElo "1700"]
[Result "1-0"]
1.e4 e5
2.Bf1c4 h6
3.d3 a5
4.Ng1f3 f6
5.Bc4xg8 Rh8xg8
6.O-O Bf8c5
7.Nb1c3 Kf7
8.a3 Rg8f8
9.b3 Kg8
10.Bc1b2 d6
11.a4 f5
12.Nc3d5 c6
13.Nd5c3 f4
14.h3 Qd8f6
15.Nc3e2 Qf6g6
16.Kh1 Nb8d7
17.c3 Nd7f6
18.g4 Bc8xg4
19.hxg4 Qg6xg4
20.Nf3h2 Qg4h3
21.Ne2g1 Qh3h4
22.Qd1f3 Nf6g4
23.Qf3xg4 Qh4xg4
24.Nh2xg4 Ra8e8
25.d4 exd4
26.cxd4 Bc5b6
27.f3 d5
28.e5 c5
29.Ra1d1 c4
30.bxc4 dxc4
31.Bb2a3 Rf8f5
32.Kg2 Rf5g5
33.Kf2 Re8d8
34.Ng1e2 h5
35.Ba3e7 Rg5xg4
36.fxg4 Rd8e8
37.Be7c5 Bb6c7
38.gxh5 Kh7
39.Ne2xf4 Re8g8
40.Nf4e6 Bc7b8
41.Rd1c1 Rg8e8
42.Ne6g5 Kh6
43.Ng5e4 Bb8c7
44.Rf1h1 b6
45.Bc5a3 Re8d8
46.Rc1xc4 Bc7b8
47.Ba3c1 Kh7
48.Ne4g5 Kg8
49.Ng5e6 Rd8e8
50.Rc4c6 Bb8a7
51.Rh1g1 b5
52.Rg1xg7 Kh8
53.Rg7xa7 { abandon }1-0

[Event "Tournoi n27420"]
[Site "www.echecsemail.com"]
[Date "2026.01.31"]
[Round "1"]
[White "Gognol"]
[Black "Domenico"]
[WhiteElo "1900"]
[BlackElo "1830"]
[Result "1-0"]
1.e4 e5
2.Ng1f3 d6
3.h3 Bf8e7
4.Nb1c3 Ng8f6
5.Bf1c4 O-O
6.Nf3h2 a6
7.Qd1f3 b5
8.Bc4e2 c5
9.d3 Bc8b7
10.a3 d5
11.exd5 Nf6xd5
12.Nc3e4 f5
13.Ne4g5 Be7xg5
14.c4 e4
15.dxe4 fxe4
16.Qf3xe4 Bg5xc1
17.Ra1xc1 Qd8g5
18.O-O Nd5f4
19.Qe4xb7 Nf4xe2
20.Kh1 Ne2xc1
21.Qb7xa8 Nc1e2
22.Nh2f3 Qg5f4
23.cxb5 axb5
24.Qa8d5 Kh8
25.Qd5xc5 Nb8d7
26.Qc5xb5 Nd7e5
27.Qb5xe2 Ne5g6
28.b4 Qf4h6
29.b5 Ng6f4
30.Qe2e7 Nf4xh3
31.Qe7xf8 1-0

[Event "Coupe Niveau 4"]
[Site "www.echecsemail.com"]
[Date "2026.01.31"]
[Round "1"]
[White "Verson"]
[Black "Skalfa"]
[WhiteElo "1870"]
[BlackElo "1820"]
[Result "0-1"]
1.d4 Ng8f6
2.Ng1f3 d5
3.e3 a6
4.Bf1d3 Bc8g4
5.Nb1d2 Nb8c6
6.O-O e6
7.c3 Bf8d6
8.h3 Bg4h5
9.e4 dxe4
10.Nd2xe4 Nf6xe4
11.Bd3xe4 O-O
12.Bc1e3 f5
13.Be4d3 Nc6e7
14.Bd3e2 Ne7g6
15.Qd1d2 f4
16.g4 fxe3
17.Qd2xe3 Bh5xg4
18.hxg4 Qd8e7
19.Nf3e5 Ng6f4
20.Ne5d3 Nf4xe2
21.Qe3xe2 Rf8f7
22.Ra1e1 Qe7h4
23.f4 Ra8f8
24.Qe2xe6 Qh4g3
25.Kh1 Qg3xd3
26.g5 Kh8
27.Qe6e3 Qd3g6
28.Qe3h3 Bd6xf4
29.Rf1g1 Bf4xg5
30.Re1e5 Rf7f5
31.Rg1e1 Rf5xe5
32.Re1xe5 h6
33.Qh3g2 Qg6b1
{ abandon }0-1

[Event "Eq:Avalon-Les Gens du Sud :"]
[Site "www.echecsemail.com"]
[Date "2026.01.31"]
[Round "1"]
[White "Emmanuel69"]
[Black "Pourquoipas"]
[WhiteElo "1820"]
[BlackElo "1630"]
[Result "0-1"]
1.c4 f5
2.Nb1c3 Ng8f6
3.d3 e6
4.g3 Bf8b4
5.Bc1d2 Nb8c6
6.Bf1g2 O-O
7.Ng1f3 b6
8.O-O Bc8b7
9.Nc3b5 a6
10.Bd2xb4 Nc6xb4
11.Nb5c3 f4
12.a3 Nb4c6
13.e4 fxg3
14.fxg3 Nf6g4
15.Nf3h4 Ng4e3
16.Rf1xf8 Qd8xf8
17.Qd1d2 Ne3g4
18.Ra1f1 Qf8c5
19.Kh1 Ng4e3
20.Rf1f3 Ne3g4
21.b4 Qc5d4
22.Bg2h3 Nc6e5
23.Rf3f1 Ne5xc4
24.Qd2e2 Ng4e3
25.Nc3d1 Ne3xf1
26.Qe2xf1 Ra8f8
27.Qf1e2 Nc4e5
28.Bh3f1 Ne5c6
29.Nh4f3 Qd4f6
30.Bf1g2 d6
31.Nd1e3 Bb7c8
32.Ne3g4 Qf6c3
{ abandon }0-1

[Event "Tournoi n27386"]
[Site "www.echecsemail.com"]
[Date "2026.01.31"]
[Round "1"]
[White "Jyfsk"]
[Black "Nicadria22"]
[WhiteElo "1790"]
[BlackElo "1900"]
[Result "0-1"]
1.e4 e6
2.d4 d5
3.e5 c5
4.c3 Nb8c6
5.Bc1e3 Qd8b6
6.Qd1d2 a6
7.Ng1f3 cxd4
8.cxd4 Bf8b4
9.Nb1c3 Qb6a5
10.Bf1d3 f6
11.exf6 Ng8xf6
12.O-O h6
13.a3 Bb4d6
14.b4 Qa5c7
15.g3 e5
16.dxe5 Bd6xe5
17.Nf3xe5 Nc6xe5
18.Bd3e2 Bc8e6
19.Ra1c1 Qc7d8
20.Be3d4 Ne5c4
21.Qd2a2 b5
22.Bd4xf6 Qd8xf6
23.Be2xc4 dxc4
24.Rf1e1 O-O
25.Nc3e4 Qf6g6
26.Ne4c5 Be6c8
27.Re1e3 a5
28.Qa2d2 Qg6f7
29.Rc1c2 axb4
30.axb4 Ra8a1
31.Kg2 Qf7h5
32.h4 Qh5g4
33.Qd2d5 Kh8
34.Nc5e6 Ra1d1
35.Qd5e4 Qg4xe4
36.Re3xe4 Bc8b7
37.Ne6xf8 Bb7xe4
38.f3 Be4xc2
{ abandon }0-1